MARC details
| 000 -LEADER |
| fixed length control field |
02098njm a2200397Ia 4500 |
| 001 - CONTROL NUMBER |
| control field |
40116 |
| 003 - CONTROL NUMBER IDENTIFIER |
| control field |
IT-RoPAU |
| 005 - DATE AND TIME OF LATEST TRANSACTION |
| control field |
20220918181118.0 |
| 008 - FIXED-LENGTH DATA ELEMENTS--GENERAL INFORMATION |
| fixed length control field |
131025s9999 xx 000 0 und d |
| 040 ## - CATALOGING SOURCE |
| Original cataloging agency |
IT-RoPAU |
| 040 ## - CATALOGING SOURCE |
| Transcribing agency |
IT-RoPAU |
| 041 ## - LANGUAGE CODE |
| Language code of text/sound track or separate title |
ITALIANO |
| 999 ## - SYSTEM CONTROL NUMBERS (KOHA) |
| Koha Dewey Subclass [OBSOLETE] |
n.d. |
| 100 ## - MAIN ENTRY--PERSONAL NAME |
| Personal name |
AA.VV. |
| 9 (RLIN) |
794 |
| 100 ## - MAIN ENTRY--PERSONAL NAME |
| Relator term |
Autore musica |
| 9 (RLIN) |
20838 |
| 100 ## - MAIN ENTRY--PERSONAL NAME |
| Miscellaneous information |
Codice autore musica SPICS: 12000 |
| 9 (RLIN) |
796 |
| 245 ## - TITLE STATEMENT |
| Title |
Grandi duetti (I), vol. 03 |
| 250 ## - EDITION STATEMENT |
| Edition statement |
1a ed. |
| 260 ## - PUBLICATION, DISTRIBUTION, ETC. (IMPRINT) |
| Place of publication, distribution, etc. |
ITALIA |
| 260 ## - PUBLICATION, DISTRIBUTION, ETC. (IMPRINT) |
| Name of publisher, distributor, etc. |
SELEZIONE |
| Date of publication, distribution, etc. |
1972 [1a Ed.:1972] |
| 300 ## - PHYSICAL DESCRIPTION |
| Extent |
DISCO |
| 500 ## - GENERAL NOTE |
| General note |
Musica classica. Musica operistica. Musica lirica |
| 505 ## - FORMATTED CONTENTS NOTE |
| Formatted contents note |
Madama Butterfly: vogliatemi bene... dolce notte - Boheme: o soave fanciulla - Tosca: duetto d'amore - Rigoletto: sì, vendetta! - La forza del destino: solenne in quest'ora - Un ballo in maschera: teco io sto... - I racconti di Hoffmann: Belle nuit - Carmen: c'est toi! C'est moi! - |
| 511 ## - PARTICIPANT OR PERFORMER NOTE |
| Participant or performer note |
Orchestra della Rca Italiana diretta da Leinsdorf Erich |
| 511 ## - PARTICIPANT OR PERFORMER NOTE |
| Participant or performer note |
Orchestra del Teatro dell'Opera di Roma diretta da Leinsdorf Erich |
| 511 ## - PARTICIPANT OR PERFORMER NOTE |
| Participant or performer note |
Orchestra della Rca Italiana diretta da Solti Georg |
| 511 ## - PARTICIPANT OR PERFORMER NOTE |
| Participant or performer note |
Orchestra del Teatro dell'Opera di Roma diretta da Schippers Thomas |
| 511 ## - PARTICIPANT OR PERFORMER NOTE |
| Participant or performer note |
New Philharmonia Orchestra diretta da Guadagno Anton |
| 511 ## - PARTICIPANT OR PERFORMER NOTE |
| Participant or performer note |
Orchestra Filarmonica di Vienna e Coro diretta da Von Karajan Herbert |
| 650 ## - SUBJECT ADDED ENTRY--TOPICAL TERM |
| Topical term or geographic name as entry element |
OPERA [DISCHI] |
| Relator term |
Codice MATERIA SPICS: 9950 |
| 9 (RLIN) |
961 |
| 700 ## - ADDED ENTRY--PERSONAL NAME |
| Personal name |
Puccini Giacomo |
| Dates associated with a name |
Codice autore musica SPICS: 11082 |
| Relator term |
Autore musica |
| Name of part/section of a work |
Madama Butterfly: vogliatemi bene... dolce notte - Boheme: o soave fanciulla - Tosca: duetto d'amore |
| 9 (RLIN) |
20839 |
| 700 ## - ADDED ENTRY--PERSONAL NAME |
| Personal name |
Verdi Giuseppe |
| Dates associated with a name |
Codice autore musica SPICS: 89 |
| Relator term |
Autore musica |
| Name of part/section of a work |
Rigoletto: sì, vendetta! - La forza del destino: solenne in quest'ora - Un ballo in maschera: teco io sto... |
| 9 (RLIN) |
20840 |
| 700 ## - ADDED ENTRY--PERSONAL NAME |
| Personal name |
Offenbach Jacques |
| Dates associated with a name |
Codice autore musica SPICS: 11045 |
| Relator term |
Autore musica |
| Name of part/section of a work |
I racconti di Hoffmann: Belle nuit |
| 9 (RLIN) |
20841 |
| 700 ## - ADDED ENTRY--PERSONAL NAME |
| Personal name |
Bizet Georges |
| Dates associated with a name |
Codice autore musica SPICS: 10724 |
| Relator term |
Autore musica |
| Name of part/section of a work |
Carmen: c'est toi! C'est moi! |
| 9 (RLIN) |
20842 |
| 942 ## - ADDED ENTRY ELEMENTS (KOHA) |
| Koha item type |
DISCHI |
| Source of classification or shelving scheme |
Dewey Decimal Classification |